<?xml version="1.0" encoding="UTF-8"?>
<record
    xmlns:xsi="http://www.w3.org/2001/XMLSchema-instance"
    xsi:schemaLocation="http://www.loc.gov/MARC21/slim http://www.loc.gov/standards/marcxml/schema/MARC21slim.xsd"
    xmlns="http://www.loc.gov/MARC21/slim">

  <leader>00758nab a2200205uuc4500</leader>
  <controlfield tag="001">1094753</controlfield>
  <controlfield tag="005">20240202085041.0</controlfield>
  <controlfield tag="008">080731s2008                        spa  </controlfield>
  <datafield tag="035" ind1=" " ind2=" ">
    <subfield code="a">1094753</subfield>
  </datafield>
  <datafield tag="035" ind1=" " ind2=" ">
    <subfield code="a">(OCoLC)820435681</subfield>
  </datafield>
  <datafield tag="040" ind1=" " ind2=" ">
    <subfield code="c">comduadb</subfield>
  </datafield>
  <datafield tag="041" ind1=" " ind2=" ">
    <subfield code="a">spa</subfield>
  </datafield>
  <datafield tag="100" ind1="1" ind2="0">
    <subfield code="a">Orbe, Patricia A.</subfield>
    <subfield code="4">aut</subfield>
    <subfield code="e">aut</subfield>
    <subfield code="9">559669</subfield>
  </datafield>
  <datafield tag="245" ind1="1" ind2="0">
    <subfield code="a">En torno a "montoneras" y "montoneros" : Politica y disputas por la imposicion de sentidos en la historiografia argentina</subfield>
  </datafield>
  <datafield tag="650" ind1=" " ind2=" ">
    <subfield code="a">Montoneros</subfield>
    <subfield code="9">111499</subfield>
  </datafield>
  <datafield tag="650" ind1=" " ind2=" ">
    <subfield code="a">Historiografia - Argentina</subfield>
    <subfield code="9">163632</subfield>
  </datafield>
  <datafield tag="650" ind1=" " ind2=" ">
    <subfield code="a">Argentina - Historia politica - Siglo XIX</subfield>
    <subfield code="9">60631</subfield>
  </datafield>
  <datafield tag="773" ind1="0" ind2=" ">
    <subfield code="t">Cuadernos Americanos (M&#xE9;xico)</subfield>
    <subfield code="g">Volumen 002, N&#xFA;mero 123, Enero-Marzo 2008, p. 95-111</subfield>
    <subfield code="w">116900</subfield>
    <subfield code="z">0185156X</subfield>
    <subfield code="0">68748</subfield>
  </datafield>
  <datafield tag="942" ind1=" " ind2=" ">
    <subfield code="c">ARIMP</subfield>
  </datafield>
  <datafield tag="999" ind1=" " ind2=" ">
    <subfield code="c">463587</subfield>
    <subfield code="d">463587</subfield>
  </datafield>
</record>
